LDR 00733naa#a2200169#i#450# 001 EN\INFRA-M\bibl\99086 005 20260413105856.1 011 ## _a2500-3305 100 ## _a20251230b2025####ek#y0engy0150####ca 102 ## _aRU 200 1# _aA MODEL FOR THE FORMATION OF PROFESSIONAL COMPETENCIES FOR FUTURE PHYSICAL EDUCATION TEACHERS IN SPORTS EDUCATIONAL ORGANIZATIONS USING ADVANCED LEARNING TECHNOLOGIES AND CUTTING-EDGE INNOVATIONS _eJournal article 210 1# _aMoscow _cINFRA-M Academic Publishing LLC. _d2025 215 ## _a7 с. 608 ## _aJournal article _2local 675 ## _aОбразование. Воспитание. Обучение. Организация досуга. 37 _z 700 #1 _aNikitin _gVladislav Sergeevich 856 4# _anaukaru.ru _u